Taylor Swift songs that start with "A" - Statistics

General Stats
  • This quiz has been taken 27 times
    21 since last reset
  • The average score is 7 of 9
Answer Stats
Answer % Correct
All Too Well
91%
Anti-Hero
91%
Afterglow
82%
august
82%
Actually Romantic
73%
All Of The Girls You Loved Before
73%
All You Had To Do Was Stay
73%
A Perfectly Good Heart
73%
A Place In This World
73%
No matching quizzes found
Score Distribution
Percent of People with Each Score
Percentile by Number Answered
Your Score History
You have not taken this quiz since the last reset